Helping Around the World
Additional reading, writing, and grammar practice for each chapter of the reader Consolidation activities A book review Answers to the activities can be found on the teacher's website
Saved in:
| Main Author: | |
|---|---|
| Format: | Book |
| Language: | Undetermined |
| Published: |
Oxford
Oxford University Press
2010
|
| Subjects: | |
| Tags: |
Add Tag
No Tags, Be the first to tag this record!
|
| Institutions: | Trung tâm Học liệu Trường Đại học Cần Thơ |
|---|
| LEADER | 00853nam a2200217Ia 4500 | ||
|---|---|---|---|
| 001 | CTU_207466 | ||
| 008 | 210402s9999 xx 000 0 und d | ||
| 020 | |c 60000 | ||
| 082 | |a 428.64 | ||
| 082 | |b M489 | ||
| 100 | |a Medina, Sarah | ||
| 245 | 0 | |a Helping Around the World | |
| 245 | 0 | |c Sarah Medina | |
| 260 | |a Oxford | ||
| 260 | |b Oxford University Press | ||
| 260 | |c 2010 | ||
| 520 | |a Additional reading, writing, and grammar practice for each chapter of the reader Consolidation activities A book review Answers to the activities can be found on the teacher's website | ||
| 650 | |a Tiếng Anh,Hành vi giúp đỡ,English language,Helping behavior | ||
| 650 | |x Đọc hiểu,Văn học thiếu niên,Reading comprehension,Juvenile literature | ||
| 904 | |i Tuyến | ||
| 980 | |a Trung tâm Học liệu Trường Đại học Cần Thơ | ||